| 000 | 00724nam a22002297a 4500 | ||
|---|---|---|---|
| 003 | UA-OsUOA | ||
| 001 | 22562 | ||
| 007 | ta | ||
| 008 | 20031222b un ||||| |||| 00| 0 ukr d | ||
| 090 |
_a162.6 _bД44 |
||
| 942 | _cBK | ||
| 040 |
_aUA-OsUOA _brus _cUA-OsUOA _dUA-OsUOA |
||
| 245 |
_aДиалектика как основа интеграции научного знания _bМежвузовский сборник _cА.А.Корольков И.А.Майзель |
||
| 300 | _a160 с. | ||
| 955 | _a0 | ||
| 041 | _arus | ||
| 080 | _a162.6 | ||
| 260 |
_aЛенинград _bИздательство Ленинградского унивеаситета _c1984 |
||
| 044 | _aRU | ||
| 650 | 7 | _2UDC | |
| 999 |
_c308783 _d308783 |
||